| 000 | 01018cam a22002774i 4500 | ||
|---|---|---|---|
| 999 |
_c7687 _d7687 |
||
| 001 | 991060944375706706 | ||
| 003 | OSt | ||
| 005 | 20230329112557.0 | ||
| 008 | 230316s2023 spc 000 0 cat|c | ||
| 017 |
_aDL B 3579-2023 _bBiblioteca de Catalunya |
||
| 020 | _a9788429780925 | ||
| 040 |
_aEs-BaMD _bcat _erda _cCDMR |
||
| 100 | 1 | _aFarràs, Andreu, | |
| 245 | 1 | 0 |
_aRoses de foc de Barcelona : _bles gran explosions d'ira social a la capital catalana durant més de cent anys / _cAndreu Farràs |
| 264 | 1 |
_aBarcelona : _bEdicions 62, _c2023 |
|
| 300 |
_a266 pàgines ; _c23 cm |
||
| 490 | 1 |
_aLlibres a l'abast ; _v485 |
|
| 504 | _aBibliografia. Cronologia | ||
| 650 | 7 |
_aRevoltes _zBarcelona (Catalunya) _xHistòria _yS. XIX-XX. _2lemac |
|
| 650 | 7 |
_aViolència política _zBarcelona (Catalunya) _xHistòria _yS. XIX-XX. _2lemac |
|
| 650 | 7 |
_aResistència al govern _zBarcelona (Catalunya) _xHistòria _yS. XIX-XX. _2lemac |
|
| 830 | 0 |
_aLlibres a l'abast ; _v485 |
|
| 908 | _aMD | ||
| 940 | _aCVA2 | ||
| 942 |
_2udc _cMON |
||